000 01161nac a22003617a 4500
001 BR0202594
003 BR-BrBNA
005 20240105122649.0
008 230509b bl.|||m| |||| 00| 0 por d
040 _aBR-BrBNA
_bpor
_cBiblioteca Nacional de Agricultura
072 _aH20; F30
090 _a0336 BR0202594
100 1 _aAlmeida, A.M.R.
100 1 _aTorres, E.
100 1 _aFarias, J.R.B.
100 1 _aBenato, L.C.
100 1 _aPinto, M.C.
100 1 _aMarin, S.R.R.
110 1 _aEMBRAPA Soja, Londrina, PR (Brasil)
245 1 _aMacrophomina phaseolina em soja: sistema de semeadura, sobrevivência em restos de cultura e diversidade genética
260 3 _aLondrina, PR (Brasil):
_c2001.
300 _a47 p.
490 _aCircular Técnica - EMBRAPA Soja (Brazil)
_vno. 34
_xISSN 1516-7860
500 _aBibliography p. 40-47; 9 illus.; 6 tables; Summary (En)
650 _aSOJA
650 _aMACROPHOMINA PHASEOLINA
650 _aSEMEADURA
650 _aRESTO DE CULTURA
650 _aVARIAÇÃO GENÉTICA
650 _aVARIEDADE RESISTENTE
909 _a202312
_bLúcia Elande
_c55
_dLúcia Elande
942 _2AGRIS
_n0
_cMS
999 _c292189
_d292189